000 00476nam a2200145 i 4500
001 61261
003 ES-MaACL
005 20230906164419.0
007 t|
008 031111s1963 sp ||||1| spa d
245 0 0 _aModificación del Estatuto de Recaudación
_b: (supresión de recibos trimestrales, pago anticipado y domiciliación en Bancos y Cajas de Ahorros).
260 _aBilbao :
_b[s.n.],
_c1963.
300 _a11 p. ;
_c22 cm.
852 _aES-MaACL
_j2035-F-4
_bR.51675
999 _c61261
_d61261